| Tag |
First Indicator |
Second Indicator |
Subfields |
| LEADER |
00000cam a2200000 4500 |
| 001 |
in00000094412 |
| 005 |
20150927110443.0 |
| 008 |
700130s1969 nyua j b 00110 eng |
| 010 |
|
|
|a 72079707
|
| 020 |
|
|
|a 0671321676
|c 3.95
|
| 035 |
|
|
|a (OCoLC)00053452
|
| 035 |
|
|
|9 AAL6277AM
|
| 040 |
|
|
|a DLC
|c DLC
|d TXA
|d UtOrBLW
|
| 049 |
|
|
|a TXAM
|c [1014962]
|
| 050 |
0 |
0 |
|a TT958
|b .B44
|
| 082 |
0 |
|
|a 646.7/2/023
|
| 100 |
1 |
|
|a Heal, Edith,
|d 1903-
|
| 245 |
1 |
0 |
|a Beauty as a career /
|c by Edith Heal. Fashion portfolio by Bob Walker.
|
| 264 |
|
1 |
|a New York :
|b J. Messner,
|c [1969]
|
| 300 |
|
|
|a 187 pages :
|b illustrations ;
|c 22 cm.
|
| 336 |
|
|
|a text
|b txt
|2 rdacontent
|
| 337 |
|
|
|a unmediated
|b n
|2 rdamedia
|
| 338 |
|
|
|a volume
|b nc
|2 rdacarrier
|
| 504 |
|
|
|a Bibliography: pages [175]-179.
|
| 520 |
|
|
|a Describes the job opportunities and the education and training necessary for a career in beauty culture. Also includes interviews with well-known makeup and hair experts, beauty editors, and models.
|
| 650 |
|
0 |
|a Beauty culture
|x Vocational guidance.
|
| 650 |
|
1 |
|a Beauty culture
|x Vocational guidance.
|
| 700 |
1 |
|
|a Walker, R. R.
|
| 999 |
|
|
|a MARS
|
| 999 |
f |
f |
|s 8c168e91-a23f-3631-bb30-fdecaa2f9fda
|i 7df44212-19d7-34b8-b3f3-e4509eb1db3b
|t 0
|
| 952 |
f |
f |
|p ric
|a Texas A&M University
|b Rellis Campus
|c Joint Library Facility
|d Remote Storage
|t 0
|e TT958 .B44
|h Library of Congress classification
|i unmediated -- volume
|m A14805668127
|
| 998 |
f |
f |
|a TT958 .B44
|t 0
|l Remote Storage
|